| 000 | 00975cam a22002775a 4500 | ||
|---|---|---|---|
| 001 | 19423016 | ||
| 005 | 20171008113456.0 | ||
| 008 | 161228t2017 gw a frb 000 0 eng d | ||
| 020 | _a9783319475387 | ||
| 040 |
_aDLC _beng _cDLC _dEG-ScBUE |
||
| 082 | 0 | 4 |
_222 _a658.403 _bMUL |
| 245 | 0 | 0 |
_aMulti-criteria decision analysis to support healthcare decisions / _c[edited by] Kevin Marsh ... [et al.] |
| 260 |
_aCham : _bSpringer, _cc.2017. |
||
| 300 |
_avi, 329 p. : _bill. ; _c24 cm. |
||
| 504 | _aIncludes bibliographical references. | ||
| 650 | 7 |
_2BUEsh _aMedical care _xDecision making. |
|
| 650 | 7 |
_2BUEsh _aMultiple criteria decision making. |
|
| 650 | 7 |
_2BUEsh _932506 _aHealth promotion. |
|
| 650 | 7 |
_935142 _aPharmacy management. _2BUEsh |
|
| 651 | _2BUEsh | ||
| 653 |
_bPPhrm _cOctober2017 |
||
| 655 |
_vText book _933728 |
||
| 700 | 1 |
_aMarsh, Kevin, _eeditor. |
|
| 856 | _uhttps://ezproxy.bue.edu.eg:2305/content/pdf/10.1007%2F978-3-319-47540-0.pdf | ||
| 942 | _2ddc | ||
| 999 |
_c25464 _d25436 |
||